000 00190 a2200097 4500
020 _a9780957295278
041 _aeng
100 _aLuke Temple
245 _aThe GHost lord returns
942 _cK
999 _c26733
_d26733